Players That Have Won the Ballon’Dor - Sudden Death - Statistics

General Stats
  • This quiz has been taken 45 times
  • The average score is 7 of 10
Answers on the Grid
Answers color-coded by a green-red scale on the quiz's grid according to % correct below.
Lionel Messi
Cristiano Ronaldo
Luka Modric
Erling Haaland
Kaka
Pele
Neymar Jr
Lev Yashin
Rodri
Kevin De Bruyne
Marco Van Basten
Dennis Bergkamp
Ronaldinho
George Best
Zinedine Zidane
Luis Figo
 
Answer Stats
Answer % Correct
Lionel Messi
100%
Cristiano Ronaldo
94%
Luka Modric
90%
Kaka
65%
Marco Van Basten
61%
Rodri
61%
Lev Yashin
58%
Zinedine Zidane
58%
Luis Figo
48%
Ronaldinho
48%
No matching quizzes found
Score Distribution
Percent of People with Each Score
Percentile by Number Answered
Your Score History
You have not taken this quiz